00265nam a2200109Ia 4500008004100000100001800041245001400059260000900073300003300082440002400115650001600139180117s9999 xx 000 0 und d aby Zac Sarian aAgri-Talk c2017 a25-26 pages, 2017 January 29 aPhilippine Panorama aAGRICULTURE